Hämähäkkimiehen viholliset - Statistics

Yleistilastot
  • Tätä visaa on pelattu 18 kertaa
  • Keskiarvotulos 7 / 22
Vastaustilastot
Vastaus % Oikein
Tohtori Mustekala
81%
Venom
81%
Hiekkamies
69%
Kingpin
44%
Sarvikuono
44%
Elektro
38%
Korppikotka
38%
Carnage
31%
Lisko
31%
Mysterio
31%
Kameleontti
25%
Tärisyttäjä
25%
Kraven Saalistaja
19%
Mörkö
19%
Nuijapää
19%
Skorpioni
19%
Michael Morbius
13%
Musta Kissa
13%
Sakaali
13%
Hautakivi
6%
Silvermane
6%
Tinuri
6%
Ehtoja vastaavia visoja ei löytynyt
Tulosjakauma
Jokaisen tuloksen saaneiden osuus
Persentiili vastausten määrän mukaan
Tuloshistoriasi
Et ole pelannut tätä visaa